| 000 -LEADER |
| fixed length control field |
00610nam a22001937a 4500 |
| 008 - FIXED-LENGTH DATA ELEMENTS--GENERAL INFORMATION |
| fixed length control field |
150601b xxu||||| |||| 00| 0 eng d |
| 020 ## - INTERNATIONAL STANDARD BOOK NUMBER |
| International Standard Book Number |
0132777169 |
| 041 0# - LANGUAGE CODE |
| Language code of text/sound track or separate title |
eng |
| 080 ## - UNIVERSAL DECIMAL CLASSIFICATION NUMBER |
| Universal Decimal Classification number |
62 |
| 100 1# - Rafti |
| Rafti |
Ball, Roy, |
| 100 1# - Rafti |
| -- |
1942- |
| 245 10 - TITLE STATEMENT |
| Title |
Engineering applications of microcomputers : |
| Statement of responsibility, etc |
Roy Ball and Roger Pratt. |
| 260 ## - |
| -- |
Englewood Cliffs, NJ : |
| -- |
Prentice-Hall International, |
| -- |
c1986. |
| 300 ## - |
| -- |
194 f. : |
| -- |
me il. ; |
| -- |
24 cm. |
| 650 #0 - |
| -- |
Mikrokompjuterët |
| 650 #0 - |
| -- |
Kontrolla automatike |
| 650 #0 - |
| -- |
Instrumentet inxhinierike |
| 700 1# - |
| -- |
24 cm. |
| -- |
1943- |
| 942 ## - ADDED ENTRY ELEMENTS (KOHA) |
| Source of classification or shelving scheme |
|
| Item type |
Books |